Jak dobrze znasz Inwokację z utworu "Pan Tadeusz" Adama Mickiewicza? - Statystyki

Ogólne statystyki
  • Ten quiz został rozwiązany 340 razy
  • Średni wynik to 15 z 22
Statystyki odpowiedzi
Tekst Brakujące słowo % Poprawnych
Litwo! Ojczyzno moja! ty jesteś jak .... zdrowie
100%
Ile cię trzeba ..., ten tylko się dowie, cenić
99%
Widzę i opisuję, bo ... po tobie. tęsknię
94%
Panno Święta, co Jasnej bronisz ... Częstochowy
91%
Kto cię stracił. Dziś ... twą w całej ozdobie piękność
88%
I w Ostrej świecisz Bramie! Ty, co ... zamkowy gród
83%
Nowogródzki ochraniasz z jego ... ludem! wiernym
80%
Ofiarowany, martwą podniosłem ... powiekę
79%
(Gdy od płaczącej matki pod Twoję ... opiekę
73%
Do tych pagórków leśnych, do tych łąk ..., zielonych
70%
Tymczasem przenoś moję duszę ... utęsknioną
67%
Gdzie panieńskim rumieńcem ... pała, dzięcielina
64%
Jak mnie ... do zdrowia powróciłaś cudem dziecko
62%
Do tych pól ... zbożem rozmaitem, malowanych
59%
Wyzłacanych ..., posrebrzanych żytem; pszenicą
56%
Iść za ... życie podziękować Bogu), wrócone
56%
Zieloną, na niej z rzadka ciche ... siedzą. grusze
55%
Szeroko nad błękitnym Niemnem ...; rozciągnionych
55%
A wszystko przepasane, jakby ..., miedzą wstęgą
54%
Tak nas powrócisz ... na Ojczyzny łono. cudem
52%
I zaraz mogłem ... do Twych świątyń progu pieszo
52%
Gdzie bursztynowy ..., gryka jak śnieg biała, świerzop
51%
Nie znaleziono quizów pasujących do podanych kryteriów
Rozkład punktacji
Procent ludzi z każdym wynikiem
Percentyl według liczby udzielonych odpowiedzi
Twoja historia wyników
Nie rozwiązałeś tego quizu